000 00523nam a2200157 4500
001 108463
003 ES-MaACL
005 20230906184639.0
007 t|
008 061121s1915 sp r ||||1| spa d
100 1 _aMonedero Ruiz, Francisco.
_982162
245 1 0 _aExámen histórico-crítico de la organización familiar de los aryas orientales (indios é iranios)
_b: tesis doctoral /
_cFrancisco Monedero Ruiz.
260 _aSevilla :
_bG. Segura,
_c1915.
300 _a59 p. ;
_c21 cm.
852 _aES-MaACL
_j1527-F-3
999 _c108463
_d108463